Costa Rica Development of scientific and technology research
Salvato in:
| Autore principale: | |
|---|---|
| Natura: | Libro |
| Lingua: | Undetermined |
| Pubblicazione: |
Stockholm
SAREC
1991
|
| Soggetti: | |
| Tags: |
Aggiungi Tag
Nessun Tag, puoi essere il primo ad aggiungerne! !
|
| Thư viện lưu trữ: | Trung tâm Học liệu Trường Đại học Cần Thơ |
|---|
| LEADER | 00543nam a2200193Ia 4500 | ||
|---|---|---|---|
| 001 | CTU_34374 | ||
| 008 | 210402s9999 xx 000 0 und d | ||
| 082 | |a 306.2 | ||
| 082 | |b S113 | ||
| 100 | |a Jorge Federico Sabato | ||
| 245 | 0 | |a Costa Rica | |
| 245 | 0 | |b Development of scientific and technology research | |
| 245 | 0 | |c Jorge Federico Sabato | |
| 260 | |a Stockholm | ||
| 260 | |b SAREC | ||
| 260 | |c 1991 | ||
| 650 | |a costa rica | ||
| 904 | |i Nguyễn Quang Điền, 991206 | ||
| 980 | |a Trung tâm Học liệu Trường Đại học Cần Thơ | ||